MARC details
| 000 -LEADER |
| fixed length control field |
02512cam a2200337 i 4500 |
| 001 - CONTROL NUMBER |
| control field |
21384785 |
| 003 - CONTROL NUMBER IDENTIFIER |
| control field |
OSt |
| 005 - DATE AND TIME OF LATEST TRANSACTION |
| control field |
20250420134823.0 |
| 008 - FIXED-LENGTH DATA ELEMENTS--GENERAL INFORMATION |
| fixed length control field |
200113s2020 flua b 001 0 eng |
| 010 ## - LIBRARY OF CONGRESS CONTROL NUMBER |
| LC control number |
2019016922 |
| 020 ## - INTERNATIONAL STANDARD BOOK NUMBER |
| International Standard Book Number |
9781138476080 |
| Qualifying information |
(hardback ; |
| -- |
acid-free paper) |
| 040 ## - CATALOGING SOURCE |
| Original cataloging agency |
OU/DLC |
| Language of cataloging |
eng |
| Transcribing agency |
KCST |
| 082 00 - DEWEY DECIMAL CLASSIFICATION NUMBER |
| Classification number |
531 |
| Edition information |
23 |
| Item number |
Wi Co |
| 100 1# - MAIN ENTRY--PERSONAL NAME |
| Personal name |
Wilson, Jerry D., |
| Relator term |
author. |
| 9 (RLIN) |
5498 |
| 245 10 - TITLE STATEMENT |
| Title |
College physics essentials. |
| Number of part/section of a work |
Volume 2, |
| Name of part/section of a work |
electricity and magnetism, optics, and modern physics / |
| Statement of responsibility, etc. |
Jerry D. Wilson, Anthony J. Buffa, Bo Lou. |
| 246 30 - VARYING FORM OF TITLE |
| Title proper/short title |
electromagnetism, optics, modern physics |
| 250 ## - EDITION STATEMENT |
| Edition statement |
8 |
| 260 ## - PUBLICATION, DISTRIBUTION, ETC. |
| Place of publication, distribution, etc. |
Boca Raton : |
| Name of publisher, distributor, etc. |
CRC Press, Taylor & Francis Group, |
| Date of publication, distribution, etc. |
2020. |
| 300 ## - PHYSICAL DESCRIPTION |
| Extent |
pages : |
| Other physical details |
illustrations (some color) ; |
| Dimensions |
29 cm |
| 338 ## - CARRIER TYPE |
| Carrier type term |
volume |
| Carrier type code |
nc |
| Source |
rdacarrier |
| 504 ## - BIBLIOGRAPHY, ETC. NOTE |
| Bibliography, etc. note |
Includes bibliographical references and index. |
| 505 ## - FORMATTED CONTENTS NOTE |
| Formatted contents note |
15. Electric Charge, Forces, and Fields. 16. Electrical Potential, Energy, and Capacitance. 17. Electric Current and Resistance. 18. Basic Electric Circuits. 19. Magnetism. 20. Electromagnetic Induction and Waves. 21. AC Circuits. 22. Reflection and Refraction of Light. 23. Mirrors and Lenses. 24. Physical Optics: The Wave Nature of Light. 25. Vision and Optical Instruments. 26. Relativity. 27. Quantum Physics. 28. Quantum Mechanics and Atomic Physics. 29. The Nucleus. 30. Nuclear Reactions and Elementary Particles. |
| 520 ## - SUMMARY, ETC. |
| Summary, etc. |
"This new edition of College Physics Essentials provides a streamlined update of a major textbook for algebra-based physics. The first volume covers topics such as mechanics, heat, and thermodynamics. The second volume covers electricity, atomic, nuclear, and quantum physics. The authors provide emphasis on worked examples together with expanded problem sets that build from conceptual understanding to numerical solutions and real-world applications to increase reader engagement. A companion website with follow-up exercises and answers will also aid students to gain more practice on basic concepts and problems. Including over 900 images throughout the two volumes, this textbook is highly recommended for students seeking a basic understanding of key physics concepts and how to apply them to real problems"-- |
| Assigning source |
Provided by publisher. |
| 650 #0 - SUBJECT ADDED ENTRY--TOPICAL TERM |
| Topical term or geographic name entry element |
Physics |
| Form subdivision |
Textbooks. |
| 9 (RLIN) |
638 |
| 650 #0 - SUBJECT ADDED ENTRY--TOPICAL TERM |
| Topical term or geographic name entry element |
Electromagnetism |
| Form subdivision |
Textbooks. |
| 9 (RLIN) |
5499 |
| 650 #0 - SUBJECT ADDED ENTRY--TOPICAL TERM |
| Topical term or geographic name entry element |
Optics -- Textbooks. |
| Form subdivision |
Textbooks. |
| 9 (RLIN) |
5500 |
| 700 1# - ADDED ENTRY--PERSONAL NAME |
| Personal name |
Buffa, Anthony J., |
| Relator term |
author. |
| 9 (RLIN) |
5501 |
| 700 1# - ADDED ENTRY--PERSONAL NAME |
| Personal name |
Lou, Bo, |
| Relator term |
author. |
| 9 (RLIN) |
5502 |
| 942 ## - ADDED ENTRY ELEMENTS (KOHA) |
| Koha item type |
Book |
| 942 ## - ADDED ENTRY ELEMENTS (KOHA) |
| Source of classification or shelving scheme |
Dewey Decimal Classification |